| 000 | 00517nam a2200181 a 4500 | ||
|---|---|---|---|
| 001 | 0089 | ||
| 005 | 20140414131912.0 | ||
| 008 | 040728s19uu xx 00 eng d | ||
| 020 | _a0-553-15575-X | ||
| 050 |
_aER _bD65 1987 |
||
| 245 |
_aDown by the station / _cillustrated by Karen Schmidt. |
||
| 260 |
_aNew York : _bBantam Books, _c1987. |
||
| 300 | _a1 v. : ill. ; cm. | ||
| 440 | _aA Bantam-Sing-A-Story | ||
| 500 | _aBased on children's folk song | ||
| 650 |
_aSongs _xJuvenile literature. |
||
| 999 |
_c111275 _d111275 |
||